| 000 | 01325namaa22003131i 4500 | ||
|---|---|---|---|
| 005 | 20260510141342.0 | ||
| 008 | 260510s1994 ua a|||frm||| 000 0 eng d | ||
| 040 |
_aEG-GICUC _beng _cEG-GICUC _dEG-GICUC _erda |
||
| 041 | 0 |
_aeng _beng _bara |
|
| 049 | _aDeposite | ||
| 097 | _aM.Sc | ||
| 099 | _aCai01.12.21.M.Sc.1994.Ha.S. | ||
| 100 | 0 |
_aHala Ali Abd EL Salem Saleh, _epreparation. |
|
| 245 | 1 | 0 |
_aStudies On Unisexual And Bisexual Infections Of Schistosoma Haematobium In Hamster / _cBy Hala Ali Abd EL Salem Saleh; Supervision Dr. Gamil N. Soliman, Dr. Faiza M. EL Assal. |
| 246 | 1 | 5 | _aدراسات على الاصابة أحادية وثنائية الجنس بالشيستوزوما هيماتوبيوم في الهامستر / |
| 264 | 0 | _c1994. | |
| 300 |
_a145 pages : _billustrations ; _c30 cm. + |
||
| 336 |
_2rda content _atext |
||
| 337 |
_2rdamedia _aUnmediated |
||
| 338 |
_2rdacarrier _avolume |
||
| 502 | _aThesis (M.Sc.) -Cairo University, 1994. | ||
| 504 | _aBibliography: pages 129-145. | ||
| 653 | 0 | _aZoology | |
| 700 | 0 |
_aGamil N. Soliman _ethesis advisor. |
|
| 700 | 0 |
_aFaiza M. EL Assal _ethesis advisor. |
|
| 900 |
_DDepartment of Zoology _FFaculty of Science _UCairo University _b1994 _cGamil N. Soliman _cFaiza M. EL Assal |
||
| 905 | _aEman El gebaly | ||
| 942 |
_2ddc _cTH _e21 _n0 |
||
| 999 | _c180081 | ||